La Conservation des Documents Graphiques Recherches expérimentales

Bibliographic Details
Main Author: Flieder, Françoise (Author)
Format: Book
Language:English
Published: Paris Éditions Eyrolles 1969

MARC

LEADER 00000nam a2200000 a 4500
001 vtls009966424
003 SK-MaSNL
005 20260302010847.0
008 240318 000 0 eng
040 |a SNK  |b slo  |c SNK  |e AACR2 
100 1 |a Flieder, Françoise  |4 aut  |9 650523 
245 1 0 |a La Conservation des Documents Graphiques Recherches expérimentales  |c Françoise Flieder 
260 |a Paris  |b Éditions Eyrolles  |c 1969 
300 |a 287 s. 
999 |c 1004021  |d 1005951 
952 |a SNK  |b SNK  |y VYP  |7 0  |p 17A0629772  |o snkIC 48743  |i snkK 2149/71  |8 3  |3 rekatalogizácia  |0 0  |1 0  |4 0  |d 2009-11-04  |l 0  |r 2026-02-24 12:30:29  |w 2026-02-24